| 000 | 00422nam a22001817a 4500 | ||
|---|---|---|---|
| 003 | MPLRDC | ||
| 005 | 20220104170644.0 | ||
| 008 | 210129b ||||| |||| 00| 0 eng d | ||
| 020 | _a0-446-52060-8 | ||
| 082 | _a417.18 ROS 1999 | ||
| 100 | _aISADORE ROSENFELD | ||
| 245 |
_aLIVE NOW AGE LATER _c |
||
| 250 | _a初版 | ||
| 260 |
_a _bWARNER BOOKS _c1999 |
||
| 300 | _b精 | ||
| 650 | _a | ||
| 942 |
_cBK _o417.18 ROS 1999 |
||
| 999 |
_c58059 _d58049 |
||